000
00308nam a2200121Ia 4500
008
190216s9999||||xx |||||||||||||| ||und||
100
_a
Al Sheikh Abdullah Bin Zaid Al-Mohammad
245
0
_a
Ashab-E-Suffa Aur Tasauf Kl Haqiqat
260
_b
Al-Darussalafiah
300
_a
96p
650
_a
Arabic
942
_c
BK
999
_c
398
_d
398